El Gobierno de Evo Morales: entre nacionalismo e indigenismo /

সংরক্ষণ করুন:
গ্রন্থ-পঞ্জীর বিবরন
প্রধান লেখক: Mayorga, Fernando
বিন্যাস: পাঠ‍্য
বিষয়গুলি:
ট্যাগগুলো: ট্যাগ যুক্ত করুন
কোনো ট্যাগ নেই, প্রথমজন হিসাবে ট্যাগ করুন!

MARC

LEADER 00000 a a2200000 04500
001 10834
003
040
100 |a Mayorga, Fernando  
245 |a El Gobierno de Evo Morales:   |b entre nacionalismo e indigenismo /  |c Fernando Mayorga 
650 |a GOBIERNO  
650 |a DESARROLLO POLITICO  
650 |a ASPECTOS POLITICOS  
650 |a BOLIVIA  
773 |g número 206; páginas 4-13  
999 |c 28617  |d 28617